000 00531nam a2200193Ia 4500
005 20250326142320.0
008 250326s9999 xx 000 0 und d
037 _aTextbook
040 _aFMSL
_beng
_cFMSL
041 _aeng
_2eng
084 _aX:8Dy7 N2;4
_qFMSL
100 _aKhan M Y
245 0 _aFicial management: text and cases
_cKhan M Y; Jain P K
250 _a2
260 _aNew Delhi
_bNew Delhi, Tata McGraw Hill
_c1992
300 _a813p
942 _cTB
_hX:8Dy7 N2;4
999 _c1294446
_d1294446